UBR and hefty rent reviews (Record no. 6130)
[ view plain ]
| 000 -LEADER | |
|---|---|
| fixed length control field | 00819cab a2200193 4500 |
| 001 - CONTROL NUMBER | |
| control field | WB2611-24 |
| 008 - FIXED-LENGTH DATA ELEMENTS--GENERAL INFORMATION | |
| fixed length control field | 090401t1990 xxu||||| |||| 00| 0 eng d |
| 035 ## - SYSTEM CONTROL NUMBER | |
| System control number | (Sirsi) u9749 |
| 041 ## - LANGUAGE CODE | |
| Language code of text/sound track or separate title | eng |
| 245 ## - TITLE STATEMENT | |
| Title | UBR and hefty rent reviews |
| 260 ## - PUBLICATION, DISTRIBUTION, ETC. | |
| Date of publication, distribution, etc. | 1990 |
| 350 ## - PRICE (NR) (BK AM CF MU VM SE) [OBSOLETE] | |
| Price | 0 |
| 490 ## - SERIES STATEMENT | |
| Series statement | Herring Son & Daw Press Release |
| Volume/sequential designation | 9 March 1990 3 pages |
| 520 ## - SUMMARY, ETC. | |
| Summary, etc. | For those about to suffer under higher rates, because of the uniform business rate , coupled with early rent reviews , Herring Son and Daw offer hope, believing that rent reviews should be based on the full cost of the rates and disregard phasing benefits, since rent review clauses normally assume vacant possession when phasing arrangements would not apply. |
| 650 ## - SUBJECT ADDED ENTRY--TOPICAL TERM | |
| Topical term or geographic name entry element | RATING |
| 690 ## - LOCAL SUBJECT ADDED ENTRY--TOPICAL TERM (OCLC, RLIN) | |
| Topical term or geographic name as entry element | PROPERTY-LANDLORD AND TENANT |
| 942 ## - ADDED ENTRY ELEMENTS (KOHA) | |
| Suppress in OPAC | 0 |
| 948 ## - LOCAL PROCESSING INFORMATION (OCLC); SERIES PART DESIGNATOR (RLIN) | |
| c (OCLC) | 04/03/1997 |
| Withdrawn status | Lost status | Source of classification or shelving scheme | Damaged status | Not for loan | Home library | Current library | Shelving location | Date acquired | Total Checkouts | Full call number | Barcode | Date last seen | Copy number | Price effective from | Koha item type |
|---|---|---|---|---|---|---|---|---|---|---|---|---|---|---|---|
| Dewey Decimal Classification | London | London | News article | 14/09/1999 | WB2611-24 | 9749-1001 | 06/08/2019 | 1 | 06/08/2019 | News article |